000 00433nam a2200181Ia 4500
001 22940
005 20260414150904.0
008 260414t2018||||xx |||||||||||||| ||spa||
041 _aESP
082 _a624.171
_bB45
100 _aBernal, Jorge Raúl
_eAUT
245 0 _aDiseño de cargas en edificios
_b
260 _c2018
300 _aix, 604 páginas :
_c23 cm.
650 _a0
654 _aCIC
942 _cLIB
_dJUS
_fJUS
_2ddc
_n
999 _c22940
_d22940